000 00902nam a2200265 i 4500
001 bgj
100 1 _aDUFEU, Bernard
245 1 0 _aTeaching Myself /
_cBernard Dufeu.
250 _a[2nd impr.].
260 _aOxford :
_bOxford University Press,
_c1995.
300 _aXII, 212 pp :
_bill. ;
_c25 cm.
490 1 _aNew Perspectives. Personal and Professional Development for Teachers
504 _aBibliography p. 199-205.
505 _aIncludes glossary and index.
650 9 _aLanguage and languages
_xStudy and teaching
_xForeign speakers
650 9 _aLanguage acquisition
_xForeign speakers
650 9 _aLanguage teachers
_xTraining of
830 0 _aNew Perspectives.
_pPersonal and Professional Development for Teachers
020 _a0194371883 (pbk)
040 _cBPK
041 0 _aeng
920 _a0-19-437188-3 (pbk)
942 _cKS
008 s uk f |000 0 eng
999 _c48090
_d48090
856 _uhttp://koha.tu.koszalin.pl/cgi-bin/koha/opac-detail.pl?biblionumber=48090
_yKatalog online BPK